000 00386nam a2200145Ia 4500
008 231129s1994||||xx |||||||||||||| ||spa||
020 _a84-7583-744-1
040 _bspa
082 _a658.562 I583c
100 _aInness John
245 0 _aCambiar con éxito la gama de productos
260 _c1994
264 _aEdiciones Folio
942 _2ddc
_cBKS
999 _c6493
_d6493